Catálogo

PENSAMIENTO Y RELIGION EN EL MEXICO ANTIGUO (Registro nro. 18903)

Detalles MARC
000 -LEADER
fixed length control field 00586nam a2200193 a 4500
001 - CONTROL NUMBER
control field 18903
005 - DATE AND TIME OF LATEST TRANSACTION
control field 20180713212251.0
008 - FIXED-LENGTH DATA ELEMENTS--GENERAL INFORMATION
fixed length control field 140415s1964 000 0 spa d
041 ## - LANGUAGE CODE
Language code of text/sound track or separate title spa
082 ## - DEWEY DECIMAL CLASSIFICATION NUMBER
Classification number 299.72
Item number SEJ
100 1# - MAIN ENTRY--PERSONAL NAME
Personal name SEJOURNE, LAURETTE
245 10 - TITLE STATEMENT
Title PENSAMIENTO Y RELIGION EN EL MEXICO ANTIGUO
250 ## - EDITION STATEMENT
Edition statement 2a ed.
260 ## - PUBLICATION, DISTRIBUTION, ETC.
Place of publication, distribution, etc. [s.l.] :
Name of publisher, distributor, etc. FONDO DE CULTURA ECONOMICA,
Date of publication, distribution, etc. 1964
300 ## - PHYSICAL DESCRIPTION
Extent 220
490 ## - SERIES STATEMENT
Series statement BREVIARIOS DEL FONDO DE CULTURA ECONOMICA
Volume/sequential designation 128
650 14 - SUBJECT ADDED ENTRY--TOPICAL TERM
Topical term or geographic name entry element MITOLOGIA
General subdivision MEXICO
-- RELIGION PRIMITIVA
-- MEXICO
700 1# - ADDED ENTRY--PERSONAL NAME
Personal name ORFILA REYNAL, A.
Relator term tr.
Existencias
Withdrawn status Lost status Source of classification or shelving scheme Damaged status Not for loan Collection code Home library Current library Shelving location Date acquired Source of acquisition Inventory number Total Checkouts Full call number Barcode Date last seen Price effective from Koha item type
    Dewey Decimal Classification     General Biblioteca Karol Wojtyla Biblioteca Karol Wojtyla Sala general 03/12/2013 Compra 151000000000000000058213   299.72 SEJ 38333 05/01/2026 03/12/2013 Libro